Formula One Drivers of 2022 - Statistics

General Stats
  • This quiz has been taken 51 times
  • The average score is 19 of 20
Answer Stats
Team Driver % Correct
Alpine F1 Team Fernando Alonso
100%
Mercedes AMG Petronas George Russell
100%
Mercedes AMG Petronas Lewis Hamilton
100%
Red Bull Racing Max Verstappen
100%
Scuderia Ferrari Carlos Sainz
98%
Scuderia Ferrari Charles Leclerc
98%
McLaren Racing Daniel Ricciardo
98%
Aston Martin Lance Stroll
98%
McLaren Racing Lando Norris
98%
Haas F1 Team Mick Schumacher
98%
Aston Martin Sebastian Vettel
98%
Red Bull Racing Sergio Perez
98%
AlphaTauri Yuki Tsunoda
98%
Alfa Romeo Zhou Guanyu
98%
AlphaTauri Pierre Gasly
96%
Alpine F1 Team Esteban Ocon
93%
Williams Alexander Albon
91%
Haas F1 Team Kevin Magnussen
91%
Alfa Romeo Valtteri Bottas
91%
Williams Nicholas Latifi
89%
No matching quizzes found
Score Distribution
Percent of People with Each Score
Percentile by Number Answered
Your Score History
You have not taken this quiz